书目信息 |
| 题名: |
藏传佛寺与文化旅游研究
|
|
| 作者: | 陆朋 , 王杨 著 | |
| 分册: | ||
| 出版信息: | 北京 人民日报出版社 2016 |
|
| 页数: | 207页 | |
| 开本: | 25cm | |
| 丛书名: | 人民日报学术文库 | |
| 单 册: | ||
| 中图分类: | F592.68 , B946.6 | |
| 科图分类: | ||
| 主题词: | 喇嘛宗--la ma zong--旅游文化--研究--中国 | |
| 电子资源: | ||
| ISBN: | 978-7-5115-3480-4 | |
| 000 | 01125nam0 22003131 450 | |
| 001 | 1761062760 | |
| 005 | 20170619172008.0 | |
| 010 | @a978-7-5115-3480-4@b精装@dCNY68.00 | |
| 100 | @a20160325d2016 em y0chiy50 ea | |
| 101 | 0 | @achi |
| 102 | @aCN@b110000 | |
| 105 | @aak a 000yy | |
| 106 | @ar | |
| 200 | 1 | @a藏传佛寺与文化旅游研究@9cang chuan fo si yu wen hua lv you yan jiu@f陆朋, 王杨著 |
| 210 | @a北京@c人民日报出版社@d2016 | |
| 215 | @a207页@c图@d25cm | |
| 225 | 2 | @a人民日报学术文库@9ren min ri bao xue shu wen ku |
| 300 | @a河北省社会科学基金项目 | |
| 306 | @a河北师范大学学术著作出版基金资助出版 | |
| 320 | @a有书目 (第201-207页) | |
| 330 | @a本书以藏传佛教寺院为研究对象, 结合北京和承德现存的藏传佛寺, 采取实测、摄影、访谈等方式获得第一手资料, 加以归纳分析, 并运用宗教学、旅游学、文化学的多维视野进行总结等。 | |
| 461 | 0 | @12001 @a人民日报学术文库 |
| 606 | 0 | @a喇嘛宗@9la ma zong@x旅游文化@x研究@y中国 |
| 690 | @aF592.68@v5 | |
| 690 | @aB946.6@v5 | |
| 701 | 0 | @a陆朋@9lu peng@4著 |
| 701 | 0 | @a王杨@9wang yang@4著 |
| 801 | 0 | @aCN@b百万庄@c20170619 |
| 905 | @b1014225-30@dF592.68@e522@f6 | |
| 藏传佛寺与文化旅游研究/陆朋, 王杨著.-北京:人民日报出版社,2016 |
| 207页:图;25cm.-(人民日报学术文库) |
| 河北省社会科学基金项目 |
| ISBN 978-7-5115-3480-4(精装):CNY68.00 |
| 本书以藏传佛教寺院为研究对象, 结合北京和承德现存的藏传佛寺, 采取实测、摄影、访谈等方式获得第一手资料, 加以归纳分析, 并运用宗教学、旅游学、文化学的多维视野进行总结等。 |
| ● |
| 相关链接 |
|
|
|
|
正题名:藏传佛寺与文化旅游研究
索取号:F592.68/522
 
预约/预借
| 序号 | 登录号 | 条形码 | 馆藏地/架位号 | 状态 | 备注 |
| 1 | 1014225 | 210142255 | 第一样本阅览室/ [索取号:F592.68/522] | 在馆 | |
| 2 | 1014226 | 210142264 | 教育系资料室/ [索取号:F592.68/522] | 在馆 | |
| 3 | 1014227 | 210142273 | 教育系资料室/ [索取号:F592.68/522] | 在馆 | |
| 4 | 1014228 | 210142282 | 教育系资料室/ [索取号:F592.68/522] | 在馆 | |
| 5 | 1014229 | 210142291 | 第一借阅区/ [索取号:F592.68/522] | 在馆 | |
| 6 | 1014230 | 210142308 | 第一借阅区/ [索取号:F592.68/522] | 在馆 |